| 000 | 00946 a2200253 4500 | ||
|---|---|---|---|
| 999 |
_c2942 _d2942 |
||
| 020 | _a9780796924643 | ||
| 020 | _a 9780796924643 | ||
| 050 | 0 | 0 | _aJS7537.A15 POP 2015 |
| 100 | _a Bňit-Ghaffou, Claire | ||
| 245 | 0 | 0 |
_aPopular politics in South African cities : _bunpacking community participation / _cedited by Claire Bňit-Ghaffou. |
| 264 | 1 |
_aCape Town, South Africa : _bHSRC Press, _c2015. |
|
| 300 |
_av, 298 pages : _billustrations, maps ; |
||
| 500 | _aUnpacking community paricipation | ||
| 504 | _aIncludes bibliographical references and index. | ||
| 650 | 0 |
_aLocal government _xCitizen participation. |
|
| 650 | 0 | _aPolitical participation | |
| 650 | 0 | _aCommunity organization | |
| 650 | 0 | _aCivil society | |
| 650 | 0 | _aSocial movements | |
| 651 | 0 | _aSouth Africa | |
| 710 | 2 | _aHuman Sciences Research Council. | |
| 942 |
_2lcc _cBK _h7537.A15 _iPOP _kJS |
||